000 00834njm a2200313 4500
001 0700536
003 DO-SdBNP
005 20180301141723.0
007 0700536
008 030715s1999 sp fm 1
015 _aSON99
016 7 _a
017 _a
_b
028 0 _a
035 _a
040 _aBPMSU
_bspa
_cBMSU
_e
084 _a
_2
100 1 _aClark, Ann Nolan
245 1 4 _aThe secret spirit of the Andes /
_cAnn Nolan Clark, drawings jan charlot
_n
_h
260 _aNew York :
_bMuffin Book,
_c1999
300 _a120 p. :
_bil. ;
_c21 cm.
490 1 _aPuffin newbery library
511 1 _aTakanas
650 7 _aMúsica
_zAndes (Región)
_2embne
830 0 _a Puffin newbery library
942 _2ddc
_cBK
945 _aInventariado, 2018 /LP
956 _aVMATEO
_210
_320160425
_6BPMSU
_80069
999 _c9915
_d9915